000 00319nam a22001337a 4500
008 170529b xxu||||| |||| 00| 0 eng d
020 _a069110140X
041 _aeng
080 _a93
100 _a16
101 _aSHH
245 _aTHE DEFENSE OF COMMUNITY IN PERU'S CENTRAL HIGHLANDS
_cMALLON, F.E
942 _2udc
_cBK
999 _c14945
_d14945